| 000 | 01763nam a2200349 c 4500 | ||
|---|---|---|---|
| 999 |
_c345781 _d345781 |
||
| 003 | BLK | ||
| 005 | 20191003123144.0 | ||
| 008 | 180911b bul|||||r ||||||| ||bul|| | ||
| 010 | _a003846 | ||
| 040 | _aBLK | ||
| 041 |
_aRUS _cBUL |
||
| 080 | _z882(081) | ||
| 100 | 1 |
_aТУРГЕНЕВ, Иван _eпърви автор _9397751 |
|
| 245 | 0 | 0 |
_aПолное собрание сочиненiй _nТ. 10. |
| 246 |
_aВ 10 т. _pепос-романи |
||
| 260 |
_aБерлин _bСлово _c1921 - 1923 _g1923 |
||
| 300 |
_a669 с _c16 см |
||
| 380 | _a82 | ||
| 490 |
_aЧастна колекция - Академик Михаил Арнаудов _gДарение - Основен фонд |
||
| 505 | _t | ||
| 520 | _a | ||
| 653 | _aепос | ||
| 653 | _aромани | ||
| 655 |
_aруска литература _9396387 |
||
| 700 | 1 |
_aИ. С. Тургенев _9398557 |
|
| 852 | _aМА 1915 | ||
| 942 |
_cKNG _n0 _s1 |
||
| 944 |
_aCR _c1996 _kValK |
||
| 999 | _d344181 | ||